000 00464nam a2200181 a 4500
001 4871
003 CO-ViMGA
008 141112s2004 ck r 000 u spa d
040 _aCO-ViMGA
_bspa
_cCO-ViMGA
082 0 4 _a736.98 K171
100 1 _aKasahara, Kuwihiko
_93055
245 1 0 _aPapiroflexia "origami" fácil
260 _aMadrid :
_bEdaf,
_c1987
300 _a132 p : il
650 1 4 _aORIGAMI
_95053
650 1 4 _aPAPEL - TRABAJOS MANUALES
942 _2ddc
_cBK
999 _c16877
_d16877